Kvalitné údaje = kvalitné bilancovanie. 2

Závislosť kvality makroekonomickej komparatívnej analýzy v transformujúcich sa ekonomikách štátov višegrádskej päťky od kľúčových ekonomických ukazovateľov.

Guardado en:
Detalles Bibliográficos
Autor principal: Mokrý, Vladimír
Formato: Capítulo de libro
Lenguaje:eslovaco
Materias:
Etiquetas: Agregar Etiqueta
Sin Etiquetas, Sea el primero en etiquetar este registro!

MARC

LEADER 00000naa a2200000 4500
001 r022571
005 20230801104319.3
041 0 |a slo 
044 |a SK 
245 1 0 |a Kvalitné údaje = kvalitné bilancovanie. 2  |c Vladimír Mokrý 
520 |a Závislosť kvality makroekonomickej komparatívnej analýzy v transformujúcich sa ekonomikách štátov višegrádskej päťky od kľúčových ekonomických ukazovateľov. 
610 2 0 |a Česko 
610 2 0 |a Poľsko 
610 2 0 |a Maďarsko 
610 2 0 |a Slovinsko 
610 2 0 |a Slovensko 
610 2 0 |a 1994-1996 
610 2 0 |a transformácia 
610 2 0 |a porovnanie medzinárodné 
610 2 0 |a V-5 
610 2 0 |a Vyšehradská štvorka 
610 2 0 |a ukazovatele ekonomické 
610 2 0 |a makroekonomika 
610 2 0 |a analýza komparatívna 
100 1 |a Mokrý, Vladimír